00558nam a2200169Ia 4500008004100000020001800041082001400059100002100073245001700094260003000111300003400141490002100175600001500196942000700211952015300218999001700371250611s9999 xx 000 0 und d a9780582522794 a823.8 DIC aDickens, Charles 0aOliver Twist aUK:bPenguin Books,c1987 a74p.b:includes illustrations aLongman Classics aLiterature cGB 00104070aUITUbUITUcGIFd2025-06-11eGifted by Mr. Anzar Alaml0o823.8 DICpG304r2025-06-11 11:30:45w2025-06-11yGBzGifted by Mr. Anzar Alam c31471d31471